| 000 | 00568nam a22001817a 4500 | ||
|---|---|---|---|
| 005 | 20251108173248.0 | ||
| 008 | 250721s2004 xx 000 0 ara d | ||
| 082 | 1 | 4 | _a649.1/عجه |
| 100 | 1 | _aالعجة، سحر محمد سليم | |
| 245 | 1 | 0 | _aكيف تكونين ناجحة و محبوبة مع ولدك / |
| 264 | 1 |
_aعمان : _bالرواد للطباعة و النشر و التوزيع، _c2004. |
|
| 300 | _a80ص. | ||
| 650 | 1 | 7 | _aالاسرة |
| 650 | 1 | 7 | _aالاطفال |
| 650 | 1 | 7 | _aرعاية الطفولة |
| 942 |
_2ddc _cBK |
||
| 999 |
_c99794 _d99794 |
||